|
|
|
|
| LEADER |
02178nam a22005055i 4500 |
| 001 |
978-3-642-00338-7 |
| 003 |
DE-He213 |
| 005 |
20151105101029.0 |
| 007 |
cr nn 008mamaa |
| 008 |
100301s2009 gw | s |||| 0|eng d |
| 020 |
|
|
|a 9783642003387
|9 978-3-642-00338-7
|
| 024 |
7 |
|
|a 10.1007/978-3-642-00338-7
|2 doi
|
| 040 |
|
|
|d GrThAP
|
| 050 |
|
4 |
|a QD415-436
|
| 072 |
|
7 |
|a PNN
|2 bicssc
|
| 072 |
|
7 |
|a SCI013040
|2 bisacsh
|
| 082 |
0 |
4 |
|a 547
|2 23
|
| 245 |
1 |
0 |
|a Phosphorous Heterocycles I
|h [electronic resource] /
|c edited by Raj K. Bansal.
|
| 264 |
|
1 |
|a Berlin, Heidelberg :
|b Springer Berlin Heidelberg,
|c 2009.
|
| 300 |
|
|
|a X, 314 p. 77 illus., 1 illus. in color.
|b online resource.
|
| 336 |
|
|
|a text
|b txt
|2 rdacontent
|
| 337 |
|
|
|a computer
|b c
|2 rdamedia
|
| 338 |
|
|
|a online resource
|b cr
|2 rdacarrier
|
| 347 |
|
|
|a text file
|b PDF
|2 rda
|
| 490 |
1 |
|
|a Topics in Heterocyclic Chemistry,
|x 1861-9282 ;
|v 20
|
| 505 |
0 |
|
|a Anellated Azaphospholes -- Biological Activity of Aminophosphonic Acids and Their Short Peptides -- Phosphinine Derivatives and their Use as Versatile Intermediates in P-Heterocyclic Chemistry -- Spiro- and Tricyclic Phosphoranes with Six- and Higher-Membered Rings -- The Chemistry of Phosphinines -- Synthetic Approaches to 1,2-Heteraphosphacyclanes -- Phosphorus-Containing Calixarenes -- From Phosphorus-Containing Macrocycles to Phosphorus-Containing Dendrimers.
|
| 520 |
|
|
|a See Table of Contents (PMP).
|
| 650 |
|
0 |
|a Chemistry.
|
| 650 |
|
0 |
|a Biochemical engineering.
|
| 650 |
|
0 |
|a Inorganic chemistry.
|
| 650 |
|
0 |
|a Organic chemistry.
|
| 650 |
|
0 |
|a Medicinal chemistry.
|
| 650 |
1 |
4 |
|a Chemistry.
|
| 650 |
2 |
4 |
|a Organic Chemistry.
|
| 650 |
2 |
4 |
|a Medicinal Chemistry.
|
| 650 |
2 |
4 |
|a Biochemical Engineering.
|
| 650 |
2 |
4 |
|a Inorganic Chemistry.
|
| 700 |
1 |
|
|a Bansal, Raj K.
|e editor.
|
| 710 |
2 |
|
|a SpringerLink (Online service)
|
| 773 |
0 |
|
|t Springer eBooks
|
| 776 |
0 |
8 |
|i Printed edition:
|z 9783642003370
|
| 830 |
|
0 |
|a Topics in Heterocyclic Chemistry,
|x 1861-9282 ;
|v 20
|
| 856 |
4 |
0 |
|u http://dx.doi.org/10.1007/978-3-642-00338-7
|z Full Text via HEAL-Link
|
| 912 |
|
|
|a ZDB-2-CMS
|
| 950 |
|
|
|a Chemistry and Materials Science (Springer-11644)
|